SoHo today sourcebook : the resource guide for the small office/ home office community.
| Format: | Book |
|---|---|
| Published: |
Mass:
Cahners,
2001.
|
| Subjects: |
| LEADER | 00491cam a2200133 7i4500 | ||
|---|---|---|---|
| 001 | 0000010083 | ||
| 005 | 20011004090000.0 | ||
| 090 | 0 | 0 | |a USA 658.72025 |b SOH |
| 245 | 0 | 0 | |a SoHo today sourcebook : |b the resource guide for the small office/ home office community. |
| 260 | 0 | 0 | |a Mass: |b Cahners, |c 2001. |
| 300 | # | # | |a 50 p. |
| 650 | 0 | 0 | |a Office equipment and supplies industry -- |z United States of America |
| 651 | 0 | 0 | |a United States of America |
| 999 | |a 0000012424 |b Directories |c Countries |e Business Information Centre | ||